| 000 | 01053nam a22002297a 4500 | ||
|---|---|---|---|
| 005 | 20231122112342.0 | ||
| 008 | 231117b ||||| |||| 00| 0 eng d | ||
| 020 | _a9788122412581 | ||
| 040 | _cAL | ||
| 041 | _aeng | ||
| 082 |
_223 _a547.05 _bMEHO |
||
| 100 |
_aR C Mehrotra _9142018 |
||
| 245 | _aOrganometallic chemistry a unified approach | ||
| 250 | _a2nd ed. | ||
| 260 |
_aNew Delhi _bNew age international _c2003 |
||
| 300 |
_axiii,618p. _bPB _c24x16cm. |
||
| 365 |
_2General _aABDI/0722/23 _b₹374.00 _c₹ _d₹499.00 _e25% _f27/10/2023 |
||
| 520 | _aIntroduction, historical and general; classification nomenclature and characteristics of organometallic compound; organometallic compounds of main group elements; organometallic compounds of transition metals; Fluxional organometallic compounds; synthetic and catalytic aspects of Organometallic chemistry; Biological Applications and Environmental aspects of organometallic compounds. | ||
| 650 |
_2 chemistry _aOrganic chemistry _9142019 |
||
| 700 |
_aSingh, A _9142020 |
||
| 942 |
_2ddc _cBK |
||
| 999 |
_c229214 _d229214 |
||